000 00585nam a2200169Ia 4500
008 230718s9999 xx 000 0 und d
020 _a9789351104100
041 _aeng
082 _a004.35
_bPRA
100 _aPrajapati V.
_9195895
245 _aBig Data Analytics With R And Hadoop
_bSet Up An Integrated Infrastructure Of R And Hadoop To Turn Your Data Analytics Into Big Data Analytics
260 _c2013
_bPackt/SPD
300 _a219
_dRef 1547 C (48875)
365 _cRs.
_b450.00
700 _aPrajapati V.
_9195895
906 _dO:0406811-Aug-2014B:84607-Jul-2014
_cCOMP
_b2812.5
999 _c337689
_d337689